| 000 | 00643nam a22001937a 4500 | ||
|---|---|---|---|
| 999 |
_c15219 _d15219 |
||
| 003 | OSt | ||
| 082 | _2631.75807 PRA/CO | ||
| 088 | _aP 113 | ||
| 100 |
_aPRAKASH MOHAN M. M _92791 |
||
| 245 | _aComparative study of different soil moisture measuring methods | ||
| 260 |
_aTavanur 2001 _bKelappaji College of Agricultural Engineering and Technology |
||
| 300 | _a72 | ||
| 500 | _aComparative study of different soil moisture measuring methods | ||
| 520 | _aComparative study of different soil moisture measuring methods | ||
| 700 |
_aRajitha K _92809 |
||
| 700 |
_aSudha P _92810 |
||
| 700 |
_aEr. Shyla Joseph (Guide) _92708 |
||
| 942 | _cPR | ||